Koordinátor školského podporného tímu efektívnou spoluprácou k úspechu

Bibliographic Details
Main Authors: Braciníková, Simona (Author), Havrila, Marek, 1976- (Author), Kadlečíková, Zuzana, 1975- (Author), Kušnírová, Veronika, 1986- (Author), Liberčanová, Kristína, 1979- (Author), Škopp, Adam (Author)
Format: Book
Language:Slovak
PhysicalDescription:124 strán ilustrácie, schémy, tabuľky 21 cm
Published: Bratislava Raabe 2022
ISBN:9788081406782
Edition:Prvé vydanie
Subjects:

MARC

LEADER 00000cam a2200000 4500
001 vtls012196384
003 SK-MaSNL
005 20260302012349.0
008 230221s2022 xo al frn 000 0 slo
015 |a SNBA2023/05 
020 |a 9788081406782  |q (brožované) 
040 |a SNK  |b slo  |c SNK  |e rda 
041 0 |a slo 
044 |a xo  |c SK 
072 7 |a 37  |x Výchova a vzdelávanie  |2 konspekt 
072 7 |a 376  |x Výchova a vzdelávanie zvláštnych skupín osôb  |2 konspekt 
080 |a 37.043.2  |2 2011 
080 |a 37.01/.09  |2 2011 
080 |a (048.8:082)  |2 2011 
080 |a (078.7)  |2 2011 
080 |a 37.091.12  |2 2011 
080 |a 376  |2 2011 
100 1 |a Braciníková, Simona  |4 aut  |9 654172 
245 1 0 |a Koordinátor školského podporného tímu  |b efektívnou spoluprácou k úspechu  |c Simona Braciníková, Marek Havrila, Zuzana Kadlečíková, Veronika Kušnírová, Kristína Liberčanová, Adam Škopp 
250 |a Prvé vydanie 
264 1 |a Bratislava  |b Raabe  |c 2022 
300 |a 124 strán  |b ilustrácie, schémy, tabuľky  |c 21 cm 
336 |a text  |b txt  |2 rdacontent 
337 |a bez média  |b n  |2 rdamedia 
338 |a zväzok  |b nc  |2 rdacarrier 
500 |a Obsahuje zoznam grafických symbolov 
504 |a Obsahuje bibliografiu za jednotlivými príspevkami 
650 0 7 |a integrovaná výchova a vzdelávanie  |2 SNKPH  |9 67219 
650 0 7 |a Integrated education  |2 SNKPHeng  |9 306558 
650 0 7 |a výchova a vzdelávanie  |2 SNKPH  |9 1684 
650 0 7 |a Education  |2 SNKPHeng  |9 265320 
650 0 7 |a učiteľská profesia  |2 SNKPH  |9 74525 
650 0 7 |a Teacher career  |2 SNKPHeng  |9 270895 
650 0 7 |a špeciálna pedagogika  |2 SNKPH  |9 958 
650 0 7 |a Special education  |2 SNKPHeng  |9 266101 
655 7 |a kolektívne monografie  |2 SNKPH  |9 249850 
655 7 |a prípadové štúdie  |2 SNKPH  |9 70498 
655 7 |a Case studies  |2 SNKPHeng  |9 302769 
655 7 |a Collective monographs  |2 SNKPHeng  |9 125747 
700 1 |a Havrila, Marek,  |d 1976-  |4 aut  |9 263878 
700 1 |a Kadlečíková, Zuzana,  |d 1975-  |4 aut  |9 654173 
700 1 |a Kušnírová, Veronika,  |d 1986-  |4 aut  |9 367078 
700 1 |a Liberčanová, Kristína,  |d 1979-  |4 aut  |9 251402 
700 1 |a Škopp, Adam  |4 aut  |9 489535 
852 |a Slovenská národná knižnica 
919 |a 978-80-8140-678-2 
954 |a odborná, vedecká literatúra pôvodná (slovenská)  |2 lita 
958 |a NB 
999 |c 1009264  |d 1011194 
952 |a SNK  |b SNK  |y PREZ  |7 0  |p 17A1519471  |o snkSC 201178  |i snk2023/3710  |8 0  |0 0  |1 0  |4 0  |d 2023-03-02  |l 0  |r 2025-10-23 00:00:00  |w 2026-02-24 
952 |a SNK  |b SNK  |y VYP  |7 0  |p 17A1519470  |o snkSC 201178 D1  |i snk2023/3712  |8 0  |0 0  |1 0  |4 0  |d 2023-03-02  |l 1  |r 2026-03-20 10:34:55  |s 2026-02-28  |w 2026-02-24